[Event "North American-ch U20"]
[Site "Kitchener CAN"]
[Date "2014.08.02"]
[Round "6.3"]
[White "Song, Edward"]
[Black "Bora, Safal"]
[Result "1/2-1/2"]
[WhiteElo "2258"]
[BlackElo "2244"]
[PlyCount "49"]
[EventDate "2014.07.31"]
[EventType "swiss"]
[EventRounds "9"]
[EventCountry "CAN"]

1. e4 e6 2. d4 d5 3. Nc3 Nf6 4. Bg5 dxe4 5. Nxe4 Be7 6. Bxf6 gxf6 7. Nf3 f5 8.
Nc3 a6 9. Qd2 b5 10. O-O-O Qd6 11. Qh6 Nd7 12. Bd3 Bb7 13. Rhe1 O-O-O 14. Qe3
Bf6 15. Ne5 Rhf8 16. Bf1 c5 17. f4 Qc7 18. d5 exd5 19. Nxd5 Bxd5 20. Rxd5 Nxe5
21. Rxd8+ Rxd8 22. fxe5 Re8 23. Qf3 Kb8 24. Qxf5 Rxe5 25. Rxe5 1/2-1/2

[Event "North American-ch U20"]
[Site "Kitchener CAN"]
[Date "2014.08.02"]
[Round "6.6"]
[White "Kleinman, Michael"]
[Black "Liao, Simone"]
[Result "1-0"]
[WhiteElo "2278"]
[BlackElo "2027"]
[PlyCount "145"]
[EventDate "2014.07.31"]
[EventType "swiss"]
[EventRounds "9"]
[EventCountry "CAN"]

1. e4 e6 2. d4 d5 3. Nd2 Nf6 4. e5 Nfd7 5. Bd3 c5 6. c3 Nc6 7. Ne2 cxd4 8. cxd4
f6 9. exf6 Nxf6 10. O-O Bd6 11. Nf3 O-O 12. Bf4 Bxf4 13. Nxf4 Ng4 14. Nh5 Bd7
15. Re1 g6 16. Ng3 Qb6 17. Qb3 Qxb3 18. axb3 a6 19. Rac1 Rac8 20. h3 Nh6 21.
Ne2 Rf6 22. Ne5 Be8 23. Rc3 Nf7 24. Ng4 Kg7 25. f4 Nd6 26. Nxf6 Kxf6 27. g4 Bd7
28. Kg2 Nb4 29. Bb1 Nc6 30. Rd1 Nb5 31. Rcc1 Ke7 32. Kf2 Rf8 33. Ke3 Na5 34.
Bc2 Nc6 35. Bd3 Nd6 36. Ng1 Na5 37. Bc2 Bb5 38. Nf3 Kf6 39. Ne5 Rc8 40. h4 Rh8
41. Ra1 Nc6 42. Bd3 Nb4 43. Rdc1 Nxd3 44. Nxd3 Bxd3 45. Kxd3 Nb5 46. Rc2 Ke7
47. Re1 Kd7 48. Re5 Nd6 49. Rce2 Rf8 50. Rxe6 Rxf4 51. Re7+ Kc6 52. Rc2+ Kb5
53. Rd7 Rf3+ 54. Ke2 Rf6 55. Rc5+ Kb4 56. Rxd5 Nb5 57. Ke3 Kxb3 58. Rxb7 Kxb2
59. Rxh7 Kc3 60. Rc5+ Kb4 61. Rb7 Re6+ 62. Kd3 Rd6 63. Rc4+ Kb3 64. g5 Re6 65.
Rc3+ Ka4 66. Rc1 Rd6 67. Rc4+ Kb3 68. Rf7 Re6 69. Rc1 Rd6 70. Rf4 Kb2 71. Rc5
Kb3 72. d5 Ka3 73. Rf6 1-0

[Event "North American-ch U20"]
[Site "Kitchener CAN"]
[Date "2014.08.02"]
[Round "6.7"]
[White "Nasir, Zehn"]
[Black "Song, Michael"]
[Result "1-0"]
[WhiteElo "1918"]
[BlackElo "2252"]
[PlyCount "71"]
[EventDate "2014.07.31"]
[EventType "swiss"]
[EventRounds "9"]
[EventCountry "CAN"]

1. e4 e5 2. Nf3 Nc6 3. Bb5 Nf6 4. d3 Bc5 5. O-O O-O 6. c3 d6 7. Qe2 Bb6 8. Nbd2
a6 9. Ba4 Ne7 10. d4 Ng6 11. Nc4 Ba7 12. dxe5 dxe5 13. Ncxe5 Nxe5 14. Nxe5 Qe7
15. Bf4 c5 16. Bg3 Bb8 17. f4 b5 18. Bc2 Bxe5 19. fxe5 Ng4 20. Rad1 Re8 21. Qf3
Ra7 22. Rd5 Be6 23. Rd6 Bc8 24. e6 Bxe6 25. h3 Nf6 26. e5 Nd7 27. Qh5 Nf8 28.
Rf4 h6 29. Bh4 Qc7 30. Rf3 Ng6 31. Rg3 c4 32. Rxg6 fxg6 33. Qxg6 Qf7 34. Qh7+
Kf8 35. Bg6 Qf4 36. Rxe6 1-0

[Event "North American-ch U20"]
[Site "Kitchener CAN"]
[Date "2014.08.02"]
[Round "6.8"]
[White "Cormier, Adam"]
[Black "Cao, Jason"]
[Result "1/2-1/2"]
[WhiteElo "2019"]
[BlackElo "2177"]
[PlyCount "77"]
[EventDate "2014.07.31"]
[EventType "swiss"]
[EventRounds "9"]
[EventCountry "CAN"]

1. d4 Nf6 2. c4 e6 3. g3 d5 4. Nf3 Bb4+ 5. Bd2 Be7 6. Bg2 O-O 7. O-O c6 8. Nc3
b6 9. Bf4 Ba6 10. cxd5 cxd5 11. Rc1 Nh5 12. Bd2 Nd7 13. Re1 Bb7 14. h4 Nhf6 15.
Bf4 a6 16. Nb1 Rc8 17. Nbd2 b5 18. Rxc8 Qxc8 19. Qb1 Qa8 20. Nf1 Rc8 21. N1h2
Rc4 22. Bf1 Rc8 23. g4 Ne4 24. Bh3 Nf8 25. g5 Ng6 26. Be3 Qb8 27. Ng4 Nf4 28.
Bf1 f6 29. gxf6 gxf6 30. Rc1 Bd6 31. Rxc8+ Qxc8 32. Qc1 Qxc1 33. Bxc1 h5 34.
Ngh2 Kf7 35. e3 Ng6 36. Be2 Ke7 37. Nf1 f5 38. Kg2 f4 39. exf4 1/2-1/2

[Event "North American-ch U20"]
[Site "Kitchener CAN"]
[Date "2014.08.02"]
[Round "6.10"]
[White "Fu, James"]
[Black "Song, Terry"]
[Result "0-1"]
[WhiteElo "2098"]
[BlackElo "1931"]
[PlyCount "112"]
[EventDate "2014.07.31"]
[EventType "swiss"]
[EventRounds "9"]
[EventCountry "CAN"]

1. d4 Nf6 2. Nf3 c5 3. d5 b5 4. c4 Bb7 5. Nbd2 bxc4 6. e4 e6 7. dxe6 dxe6 8. e5
Nd5 9. Bxc4 Be7 10. O-O O-O 11. b3 Nc6 12. Bb2 a5 13. Re1 a4 14. bxa4 Ndb4 15.
Re3 Qa5 16. Bb5 Rfd8 17. Qb3 Qa7 18. Nc4 Na5 19. Nxa5 Qxa5 20. Bc3 Qa7 21. Nd2
Bg5 22. Re2 Nd3 23. Qc4 Nf4 24. Re4 Bd5 25. Qf1 Qb7 26. Rae1 Nh3+ 27. gxh3 Bxd2
28. Bxd2 Bxe4 29. Bg5 Rd4 30. Be3 Rd5 31. f3 Bc2 32. f4 Bxa4 33. Bc4 Rdd8 34.
f5 exf5 35. Qxf5 Rd1 36. Rxd1 Bxd1 37. Bd3 g6 38. Qf6 Qf3 39. Qg5 Rxa2 40. Bxc5
Qxd3 41. e6 fxe6 42. Qf6 Qf5 43. Qd8+ Kg7 44. Qd7+ Kh6 45. Be3+ g5 46. Qxd1
Qxh3 47. Bd2 Qf5 48. Qe1 Rb2 49. h4 Rb1 50. Bxg5+ Kg6 51. Bc1 Qc5+ 52. Kh2 Qc2+
53. Kg3 Rb3+ 54. Be3 Qe4 55. h5+ Kg7 56. Qa1+ Kg8 0-1

[Event "North American-ch U20"]
[Site "Kitchener CAN"]
[Date "2014.08.02"]
[Round "6.11"]
[White "Itkin, David"]
[Black "Zhong, Joey"]
[Result "1-0"]
[WhiteElo "2096"]
[BlackElo "1892"]
[PlyCount "41"]
[EventDate "2014.07.31"]
[EventType "swiss"]
[EventRounds "9"]
[EventCountry "CAN"]

1. e4 c5 2. Nf3 e6 3. Nc3 a6 4. d4 cxd4 5. Nxd4 Qc7 6. Be2 Nc6 7. O-O Nf6 8.
Kh1 Bb4 9. Bg5 Bxc3 10. Bxf6 Bxb2 11. Bxg7 Rg8 12. Nxe6 dxe6 13. Bxb2 Qf4 14.
Qd3 Bd7 15. Ba3 Ne5 16. Qd6 Qg5 17. g3 Bc6 18. f4 Bxe4+ 19. Bf3 Nxf3 20. fxg5
Nxg5+ 21. Rf3 1-0

[Event "North American-ch U20"]
[Site "Kitchener CAN"]
[Date "2014.08.02"]
[Round "6.13"]
[White "Nasir, Pi"]
[Black "Pamatmat, Jarod"]
[Result "0-1"]
[WhiteElo "1854"]
[BlackElo "2120"]
[PlyCount "64"]
[EventDate "2014.07.31"]
[EventType "swiss"]
[EventRounds "9"]
[EventCountry "CAN"]

1. b3 b6 2. g3 Bb7 3. Nf3 e6 4. Bb2 Nf6 5. Bg2 Be7 6. d3 c5 7. Nbd2 Nc6 8. O-O
Qc7 9. Re1 d5 10. c4 O-O 11. cxd5 Nxd5 12. Nc4 b5 13. Ne3 Nxe3 14. fxe3 Rad8
15. Qc1 Qb6 16. Ne5 Nxe5 17. Bxe5 Bxg2 18. Kxg2 Bg5 19. h4 Qc6+ 20. Kh2 Bh6 21.
Bf4 Bxf4 22. gxf4 e5 23. Rg1 Qh6 24. Qxc5 Qxh4+ 25. Kg2 exf4 26. Kf3 fxe3 27.
Kxe3 Rfe8+ 28. Kd2 Qh2 29. Rae1 Qf4+ 30. Kd1 Rc8 31. Qa3 Rc3 32. Rgf1 Qe3 0-1

[Event "North American-ch U20"]
[Site "Kitchener CAN"]
[Date "2014.08.02"]
[Round "6.14"]
[White "Shi, Diwen"]
[Black "Ming, Wenyang"]
[Result "1-0"]
[WhiteElo "1934"]
[BlackElo "1782"]
[PlyCount "99"]
[EventDate "2014.07.31"]
[EventType "swiss"]
[EventRounds "9"]
[EventCountry "CAN"]

1. e4 c5 2. Nc3 Nc6 3. f4 e6 4. Nf3 d5 5. Bb5 Nge7 6. exd5 exd5 7. Qe2 Qd6 8.
Bxc6+ Qxc6 9. Ne5 Qd6 10. O-O f6 11. Qb5+ Nc6 12. Nxc6 bxc6 13. Qe2+ Be7 14.
Re1 Kf7 15. b3 Bf5 16. Ba3 Rhe8 17. Qf2 Bxc2 18. d4 Bf5 19. Bxc5 Qc7 20. Na4
Bd6 21. Bxd6 Qxd6 22. Nc5 Be4 23. Re3 Re7 24. Rae1 Rae8 25. Qh4 Bf5 26. Qh5+
Bg6 27. Qf3 Kf8 28. Kf2 Kf7 29. f5 Qxh2 30. fxg6+ hxg6 31. Rxe7+ Rxe7 32. Rxe7+
Kxe7 33. Qg3 Qh6 34. Qe3+ Kf8 35. Nd7+ Kf7 36. Qxh6 gxh6 37. Nb8 Ke6 38. Nxc6
a6 39. Nb4 h5 40. Nxa6 Kf5 41. Nc5 h4 42. b4 g5 43. b5 g4 44. b6 Kf4 45. b7 g3+
46. Kg1 h3 47. b8=Q+ Kg4 48. gxh3+ Kxh3 49. Nd3 f5 50. Qf4 1-0

[Event "North American-ch U20"]
[Site "Kitchener CAN"]
[Date "2014.08.02"]
[Round "6.15"]
[White "Peng, Janet"]
[Black "Peng, Jackie"]
[Result "0-1"]
[WhiteElo "1655"]
[BlackElo "2015"]
[PlyCount "70"]
[EventDate "2014.07.31"]
[EventType "swiss"]
[EventRounds "9"]
[EventCountry "CAN"]

1. d4 Nf6 2. Nf3 g6 3. Bf4 Bg7 4. e3 d6 5. Bd3 Nbd7 6. h3 O-O 7. O-O Re8 8. Bh2
b6 9. c4 Bb7 10. Nc3 e5 11. dxe5 dxe5 12. Bc2 c6 13. e4 Qc7 14. Qe2 Rad8 15.
Rfd1 Nh5 16. b4 Nf4 17. Qe1 Kh8 18. Rac1 Bh6 19. b5 Ne6 20. Rb1 Bg7 21. Rbc1
Qc8 22. bxc6 Bxc6 23. Nd5 Bxd5 24. cxd5 Nec5 25. Ba4 Qb8 26. Bc6 Qd6 27. Nd4
Qe7 28. Nb5 a6 29. Nc7 Rf8 30. Qe3 Qd6 31. Nxa6 Nxa6 32. Bxd7 Rxd7 33. Rc6 Qxc6
34. dxc6 Rxd1+ 35. Qe1 Rxe1# 0-1

[Event "North American-ch U20"]
[Site "Kitchener CAN"]
[Date "2014.08.02"]
[Round "6.16"]
[White "Zotkin, Daniel"]
[Black "Li, Yinshi"]
[Result "1/2-1/2"]
[WhiteElo "1895"]
[BlackElo "2100"]
[PlyCount "77"]
[EventDate "2014.07.31"]
[EventType "swiss"]
[EventRounds "9"]
[EventCountry "CAN"]

1. e4 d5 2. exd5 Qxd5 3. Nc3 Qa5 4. d4 Nf6 5. Nf3 Nc6 6. Bb5 Bd7 7. O-O a6 8.
Bxc6 Bxc6 9. Ne5 e6 10. Nxc6 bxc6 11. Qf3 Nd5 12. Ne4 Be7 13. c4 Nb4 14. Bd2
Qb6 15. c5 Qb5 16. Qg3 O-O-O 17. Qxg7 Nc2 18. Qxf7 Nxa1 19. Rxa1 Rxd4 20. Qxe6+
Rd7 21. Bc3 Rhd8 22. Nf6 Bxc5 23. Nxd7 Rxd7 24. a4 Qd3 25. Qxc6 Rd6 26. Qa8+
Kd7 27. Re1 Qg6 28. Qe4 Qf7 29. Qg4+ Kc6 30. Qf3+ Qxf3 31. gxf3 Rg6+ 32. Kf1
Rh6 33. Be5 Rh5 34. Bg3 Rd5 35. Rc1 a5 36. Bf4 Kb7 37. Ke2 Rf5 38. Be3 Bd6 39.
h4 1/2-1/2

[Event "North American-ch U20"]
[Site "Kitchener CAN"]
[Date "2014.08.02"]
[Round "6.17"]
[White "Zhao, Yue Tong (Davy)"]
[Black "Surya, Benito"]
[Result "0-1"]
[WhiteElo "1910"]
[BlackElo "1586"]
[PlyCount "108"]
[EventDate "2014.07.31"]
[EventType "swiss"]
[EventRounds "9"]
[EventCountry "CAN"]

1. e4 Nf6 2. e5 Nd5 3. d4 d6 4. Nf3 Bg4 5. Be2 c6 6. O-O Bxf3 7. Bxf3 dxe5 8.
dxe5 e6 9. c4 Ne7 10. Qe2 Ng6 11. Bg4 Bc5 12. Kh1 O-O 13. Nc3 Qc7 14. f4 Nd7
15. Be3 Bxe3 16. Qxe3 Qb6 17. Qe2 Nc5 18. g3 Rad8 19. Rad1 Ne7 20. Qc2 Rd7 21.
Rxd7 Nxd7 22. Ne4 Nc5 23. Ng5 g6 24. h4 h6 25. Nf3 Rd8 26. Rd1 Rxd1+ 27. Qxd1
Ne4 28. c5 Qxc5 29. Qg1 Qxg1+ 30. Kxg1 Nxg3 31. Nd4 Ngf5 32. Bxf5 Nxf5 33. Nf3
b5 34. Kf2 Kf8 35. Ke2 Ke7 36. Kd3 c5 37. a4 a6 38. axb5 axb5 39. Kc3 Kd7 40.
b3 Kc6 41. Kd2 Nd4 42. Nh2 Nxb3+ 43. Kc3 Nd4 44. Ng4 Nf5 45. Kd2 c4 46. Nf6
Nxh4 47. Kc3 Nf5 48. Kb4 h5 49. Kc3 h4 50. Kb4 h3 51. Ng4 Ng3 52. Nh2 Kb6 53.
Nf3 Nf1 54. Kc3 Kc5 0-1

[Event "North American-ch U20"]
[Site "Kitchener CAN"]
[Date "2014.08.02"]
[Round "6.18"]
[White "Zhu, Harmony"]
[Black "Blium, Benjamin"]
[Result "0-1"]
[WhiteElo "1586"]
[BlackElo "1809"]
[PlyCount "76"]
[EventDate "2014.07.31"]
[EventType "swiss"]
[EventRounds "9"]
[EventCountry "CAN"]

1. d4 d5 2. c4 Nc6 3. Nf3 Bg4 4. e3 e5 5. Be2 dxc4 6. Nxe5 Bxe2 7. Qxe2 Nxe5 8.
dxe5 Qd5 9. O-O Qxe5 10. Qxc4 Bd6 11. f4 Qc5 12. Qxc5 Bxc5 13. Nc3 O-O-O 14.
Kh1 f5 15. e4 Ne7 16. e5 Rd3 17. Rd1 Rhd8 18. Rxd3 Rxd3 19. h3 Nd5 20. Nxd5
Rxd5 21. b4 Rd1+ 22. Kh2 Bd4 23. Rb1 Be3 24. Bxe3 Rxb1 25. Bc5 Kd7 26. a3 Rb3
27. a4 Ra3 28. a5 b6 29. axb6 axb6 30. Bd4 Ke6 31. Kg1 Rb3 32. Kf2 Rxb4 33. Ke3
Rb3+ 34. Kd2 Rg3 35. Ke2 Rxg2+ 36. Kf3 Rc2 37. h4 c5 38. Be3 b5 0-1

[Event "North American-ch U20"]
[Site "Kitchener CAN"]
[Date "2014.08.02"]
[Round "6.20"]
[White "Cai, Jason"]
[Black "Liang, Hairan"]
[Result "1-0"]
[WhiteElo "1850"]
[BlackElo "1808"]
[PlyCount "137"]
[EventDate "2014.07.31"]
[EventType "swiss"]
[EventRounds "9"]
[EventCountry "CAN"]

1. e4 c5 2. Nc3 Nc6 3. f4 e6 4. Nf3 a6 5. g3 g6 6. Bg2 Bg7 7. O-O Nge7 8. d3 d5
9. Qe2 O-O 10. e5 Nf5 11. Qf2 Qe7 12. g4 Nfd4 13. Nxd4 cxd4 14. Ne2 f6 15. exf6
Bxf6 16. Ng3 Bd7 17. a3 Rad8 18. Qe2 Be8 19. g5 Bg7 20. Bd2 Bf7 21. Rae1 Qd7
22. Bh3 Rfe8 23. Bg4 Ne7 24. Bxe6 Bxe6 25. Qxe6+ Qxe6 26. Rxe6 Nf5 27. Rxe8+
Rxe8 28. Nxf5 gxf5 29. Bb4 Bf8 30. Bxf8 Kxf8 31. Kf2 Rc8 32. Rc1 b5 33. c3 Ke7
34. Ke2 Kd6 35. Kd2 dxc3+ 36. Rxc3 Re8 37. h4 d4 38. Rc1 Re3 39. Rc8 Rh3 40.
Rh8 Rh2+ 41. Kc1 Ke7 42. Rxh7+ Kf8 43. h5 a5 44. g6 Kg8 45. h6 Rg2 46. Rg7+ Kh8
47. Rf7 Rxg6 48. Rxf5 Rxh6 49. Rxb5 Rf6 50. f5 a4 51. Ra5 Kg7 52. Rxa4 Rxf5 53.
Rxd4 Kf6 54. Kc2 Ke6 55. b4 Rf2+ 56. Kb3 Ke5 57. Rd8 Rf6 58. a4 Rc6 59. b5 Rb6
60. Kb4 Ke6 61. a5 Rb7 62. b6 Ke7 63. Rd4 Rb8 64. Kb5 Rf8 65. b7 Ke6 66. Kb6
Ke5 67. Rc4 Rf6+ 68. Ka7 Rf7 69. Ka8 1-0

[Event "North American-ch U20"]
[Site "Kitchener CAN"]
[Date "2014.08.02"]
[Round "6.21"]
[White "Giblon, Rebecca"]
[Black "Guo, Thomas"]
[Result "1/2-1/2"]
[WhiteElo "1740"]
[BlackElo "1736"]
[PlyCount "87"]
[EventDate "2014.07.31"]
[EventType "swiss"]
[EventRounds "9"]
[EventCountry "CAN"]

1. e4 e5 2. Nf3 Nc6 3. d4 exd4 4. Nxd4 Nf6 5. Nc3 Bb4 6. Nxc6 bxc6 7. Bd3 O-O
8. O-O h6 9. e5 Bxc3 10. bxc3 Nd5 11. Qg4 d6 12. Qe4 f5 13. exf6 Nxf6 14. Qxc6
Be6 15. Be3 Kh8 16. Qa4 c5 17. Rfe1 Ng4 18. f3 Bd7 19. Qe4 Bf5 20. Qd5 Nxe3 21.
Rxe3 Bxd3 22. cxd3 Qb6 23. Rae1 Rad8 24. Qh5 Qb2 25. g4 Qxa2 26. c4 Kg8 27.
Qd5+ Kh8 28. Re6 Qd2 29. Qe4 Qf4 30. Qxf4 Rxf4 31. Re8+ Rxe8 32. Rxe8+ Kh7 33.
Kg2 Rd4 34. Ra8 Rxd3 35. Rxa7 Rd4 36. Ra6 Kg6 37. Kg3 h5 38. h3 hxg4 39. hxg4
Kf6 40. f4 g5 41. f5 Ke5 42. Ra3 Rxc4 43. Re3+ Kd5 44. Rf3 1/2-1/2

[Event "North American-ch U20"]
[Site "Kitchener CAN"]
[Date "2014.08.03"]
[Round "7.1"]
[White "Tang, Andrew"]
[Black "Chandra, Akshat"]
[Result "1-0"]
[WhiteElo "2258"]
[BlackElo "2442"]
[PlyCount "159"]
[EventDate "2014.07.31"]
[EventType "swiss"]
[EventRounds "9"]
[EventCountry "CAN"]

1. d4 Nf6 2. c4 e6 3. Nf3 b6 4. Nc3 Bb4 5. Bg5 Bb7 6. Nd2 h6 7. Bh4 Nc6 8. e3
Bxc3 9. bxc3 Ne7 10. f3 Nf5 11. Bf2 d5 12. cxd5 exd5 13. Bb5+ Kf8 14. O-O Nd6
15. Bd3 c5 16. Re1 cxd4 17. cxd4 Rc8 18. Rc1 Rxc1 19. Qxc1 Kg8 20. Qa3 a6 21.
Bg3 Nde8 22. Rc1 Nd7 23. Bxa6 Qa8 24. Qe7 Bxa6 25. Qxd7 Nf6 26. Qa4 Kh7 27.
Qc2+ Kg8 28. Be5 Ne8 29. Qc6 Bb7 30. Qd7 h5 31. e4 dxe4 32. Nxe4 f6 33. Qe6+
Kh7 34. Bf4 Qd8 35. Be3 Bd5 36. Qf5+ g6 37. Qf4 Kg7 38. Rc2 Bf7 39. Bf2 g5 40.
Qc1 h4 41. h3 Qd5 42. Qb2 Nd6 43. Nc3 Qf5 44. Nd1 Nc4 45. Qc1 b5 46. Nc3 Re8
47. d5 Bxd5 48. Nxb5 Rc8 49. Nd4 Qd7 50. Rc3 Nd6 51. a3 Rxc3 52. Qxc3 Nc4 53.
Qd3 Ne5 54. Qc2 Nc6 55. Nf5+ Kf7 56. Ne3 Be6 57. a4 Kg7 58. Nf1 Qd5 59. Nd2 Nd4
60. Qc7+ Kg6 61. Ne4 Bxh3 62. Qd6 Ne2+ 63. Kf1 Qxd6 64. Nxd6 Bd7 65. Kxe2 Bxa4
66. Bg1 Bb3 67. Ke3 f5 68. f4 Bd5 69. Kf2 g4 70. g3 h3 71. Ke3 Kf6 72. Kd4 Bb3
73. Nb7 Bd1 74. Kc5 Ke6 75. Nd8+ Kd7 76. Nf7 Bf3 77. Kd4 Ke7 78. Ng5 Bd1 79.
Ke5 Bc2 80. Ne6 1-0

[Event "North American-ch U20"]
[Site "Kitchener CAN"]
[Date "2014.08.03"]
[Round "7.2"]
[White "Bora, Safal"]
[Black "Sapozhnikov, Roman"]
[Result "1-0"]
[WhiteElo "2244"]
[BlackElo "2298"]
[PlyCount "75"]
[EventDate "2014.07.31"]
[EventType "swiss"]
[EventRounds "9"]
[EventCountry "CAN"]

1. Nf3 Nf6 2. g3 g6 3. Bg2 Bg7 4. c4 O-O 5. O-O d6 6. d4 c6 7. Nc3 Qa5 8. Bd2
Qh5 9. Qb3 e5 10. dxe5 dxe5 11. Ng5 h6 12. Nge4 Na6 13. Rad1 Nxe4 14. Nxe4 Rb8
15. Be3 b6 16. Qa3 c5 17. Nd6 Qg4 18. Rd2 Kh7 19. Rfd1 Rd8 20. Qa4 Qe6 21. a3
f5 22. Bd5 Qd7 23. Bc6 Qe6 24. Nxc8 Rxd2 25. Rxd2 Qxc8 26. Rd7 Kh8 27. Rxa7 Nc7
28. Bd7 b5 29. Bxc8 bxa4 30. Rxc7 Rxb2 31. Bxc5 Rxe2 32. Be6 h5 33. Bf7 h4 34.
Bxg6 Bh6 35. Bxf5 e4 36. gxh4 Rc2 37. Bxe4 Rxc4 38. Rc8+ 1-0

[Event "North American-ch U20"]
[Site "Kitchener CAN"]
[Date "2014.08.03"]
[Round "7.3"]
[White "Sohal, Tanraj"]
[Black "Song, Edward"]
[Result "1/2-1/2"]
[WhiteElo "2186"]
[BlackElo "2258"]
[PlyCount "124"]
[EventDate "2014.07.31"]
[EventType "swiss"]
[EventRounds "9"]
[EventCountry "CAN"]

1. d4 Nf6 2. c4 e6 3. Nf3 d5 4. Qc2 Nbd7 5. g3 dxc4 6. Qxc4 a6 7. Bg2 b5 8. Qc2
Bb7 9. O-O c5 10. dxc5 Bxc5 11. Nc3 Rc8 12. Qd3 O-O 13. Bg5 h6 14. Bxf6 Nxf6
15. Qxd8 Rfxd8 16. Rfd1 Kf8 17. Rxd8+ Rxd8 18. Rc1 Bb6 19. e3 Nd7 20. Rd1 Nc5
21. Rxd8+ Bxd8 22. Ne1 Bc8 23. Ne4 Nxe4 24. Bxe4 Ke7 25. Kf1 Kd6 26. Ke2 e5 27.
Bc2 Ba5 28. Bb3 f6 29. f3 Bb6 30. Nd3 Bd7 31. Bg8 a5 32. a3 Bc6 33. e4 a4 34.
g4 Be8 35. Bd5 Bd4 36. Kd2 h5 37. h3 hxg4 38. hxg4 g6 39. Bg8 Ke7 40. Kc2 Kf8
41. Bd5 Kg7 42. Nb4 Kh6 43. Nc6 Bb6 44. Nb4 Kg5 45. Nd3 Bd4 46. Kd2 Bd7 47. Ke2
Kh4 48. Bf7 Kg5 49. b4 axb3 50. Bxb3 Be8 51. Kf1 Kh6 52. Bd5 Kg7 53. Ke2 Kf8
54. Kd2 Ke7 55. Kc2 Kd6 56. Bg8 Bd7 57. Bf7 f5 58. Bxg6 fxg4 59. fxg4 Bxg4 60.
Bf7 Bd7 61. Bd5 Kc7 62. Kb3 Kb6 1/2-1/2

[Event "North American-ch U20"]
[Site "Kitchener CAN"]
[Date "2014.08.03"]
[Round "7.5"]
[White "Song, Terry"]
[Black "Kleinman, Michael"]
[Result "0-1"]
[WhiteElo "1931"]
[BlackElo "2278"]
[PlyCount "96"]
[EventDate "2014.07.31"]
[EventType "swiss"]
[EventRounds "9"]
[EventCountry "CAN"]

1. e4 c5 2. Nc3 e6 3. f4 d5 4. Nf3 dxe4 5. Nxe4 Be7 6. b3 Nf6 7. Nf2 O-O 8. Bb2
b6 9. g3 Bb7 10. Bg2 Nc6 11. O-O Qc7 12. Nd3 Rad8 13. Nde5 Nd4 14. c4 Qc8 15.
Bxd4 cxd4 16. Qe2 Nd7 17. Nxd7 Qxd7 18. Qd3 Qc7 19. Rae1 Bf6 20. g4 g6 21. g5
Bg7 22. Ne5 Bxg2 23. Kxg2 Qc5 24. h4 Bxe5 25. fxe5 b5 26. Rf4 bxc4 27. bxc4 Rd7
28. Qf1 Qa5 29. d3 Qxa2+ 30. Re2 Qa3 31. Qf3 Rb8 32. h5 gxh5 33. Rh4 Rb1 34.
Rxh5 Qc1 35. Qf2 a5 36. Rh4 a4 37. Kf3 Qc3 38. Ke4 a3 39. g6 fxg6 40. Qf6 Rf7
41. Qd8+ Rf8 42. Qe7 h5 43. Qxe6+ Kg7 44. Rxh5 Rbf1 45. Rg5 R1f4+ 46. Kd5 Qa5+
47. Kc6 Qa6+ 48. Kd7 Rd8+ 0-1

[Event "North American-ch U20"]
[Site "Kitchener CAN"]
[Date "2014.08.03"]
[Round "7.8"]
[White "Calugar, Arthur"]
[Black "Shi, Diwen"]
[Result "1/2-1/2"]
[WhiteElo "2295"]
[BlackElo "1934"]
[PlyCount "57"]
[EventDate "2014.07.31"]
[EventType "swiss"]
[EventRounds "9"]
[EventCountry "CAN"]

1. e4 c5 2. Nf3 d6 3. d4 cxd4 4. Nxd4 Nf6 5. Nc3 g6 6. Be3 Bg7 7. f3 Nc6 8. Qd2
O-O 9. Bc4 Bd7 10. O-O-O Rc8 11. Bb3 Ne5 12. Kb1 Re8 13. h4 h5 14. g4 hxg4 15.
h5 Nxh5 16. Bh6 Kh7 17. Bxg7 Kxg7 18. fxg4 Bxg4 19. Rdg1 e6 20. Ncb5 d5 21.
exd5 exd5 22. Bxd5 Rc5 23. Nc3 Qd7 24. Nb3 Rcc8 25. Qd4 Nf6 26. Qf4 Nh5 27. Qd4
Nf6 28. Qf4 Nh5 29. Qd4 1/2-1/2

[Event "North American-ch U20"]
[Site "Kitchener CAN"]
[Date "2014.08.03"]
[Round "7.10"]
[White "Pamatmat, Jarod"]
[Black "Cormier, Adam"]
[Result "1/2-1/2"]
[WhiteElo "2120"]
[BlackElo "2019"]
[PlyCount "84"]
[EventDate "2014.07.31"]
[EventType "swiss"]
[EventRounds "9"]
[EventCountry "CAN"]

1. d4 d5 2. c4 e6 3. Nf3 c6 4. Nbd2 Nf6 5. e3 c5 6. b3 Nc6 7. Bb2 cxd4 8. exd4
Bd6 9. Bd3 O-O 10. O-O b6 11. Rc1 Bb7 12. Qe2 Re8 13. Rfd1 Rc8 14. Ne5 Qe7 15.
Ndf3 Ne4 16. cxd5 exd5 17. Bb5 Bxe5 18. dxe5 Red8 19. Bxc6 Bxc6 20. Nd4 Bb7 21.
f3 Nc5 22. Qe3 h6 23. Re1 Ba6 24. Rcd1 Ne6 25. Nf5 Qc5 26. Bd4 Nxd4 27. Rxd4
Kh7 28. Nd6 Rc7 29. b4 Qc2 30. b5 Bb7 31. Rd2 Qc5 32. Rd4 Re7 33. Qd3+ g6 34.
Re2 Qc1+ 35. Kf2 Ba8 36. Qc2 Qxc2 37. Rxc2 Kg8 38. f4 f6 39. exf6 Red7 40. Nc8
Kf7 41. Ne7 Kxf6 42. Nc6 Rc8 1/2-1/2

[Event "North American-ch U20"]
[Site "Kitchener CAN"]
[Date "2014.08.03"]
[Round "7.11"]
[White "Song, Michael"]
[Black "Zhong, Joey"]
[Result "1-0"]
[WhiteElo "2252"]
[BlackElo "1892"]
[PlyCount "77"]
[EventDate "2014.07.31"]
[EventType "swiss"]
[EventRounds "9"]
[EventCountry "CAN"]

1. d4 Nf6 2. Bg5 c5 3. d5 Qb6 4. Nc3 Qxb2 5. Bd2 Qb6 6. e4 d6 7. h3 g6 8. g4
Bg7 9. Rb1 Qd8 10. Qc1 h6 11. f4 e6 12. dxe6 Bxe6 13. Bg2 Nc6 14. Nge2 Bc4 15.
O-O O-O 16. Rxb7 Nd4 17. Re1 Qc8 18. e5 dxe5 19. fxe5 Nxg4 20. hxg4 Qxg4 21.
Nxd4 Qxd4+ 22. Kh1 Qh4+ 23. Kg1 Qd4+ 24. Re3 Bxe5 25. Kh1 Bf4 26. Re4 Qxd2 27.
Qxd2 Bxd2 28. Rxc4 Rad8 29. Nd5 Kg7 30. Rxc5 Rfe8 31. Rcc7 Rf8 32. c4 Ba5 33.
Re7 Rc8 34. Ne3 Bb6 35. Bd5 Bxe3 36. Rxe3 Rce8 37. Rxe8 Rxe8 38. Rxf7+ Kh8 39.
Rxa7 1-0

[Event "North American-ch U20"]
[Site "Kitchener CAN"]
[Date "2014.08.03"]
[Round "7.12"]
[White "Virkud, Apurva"]
[Black "Fu, James"]
[Result "1/2-1/2"]
[WhiteElo "1954"]
[BlackElo "2098"]
[PlyCount "120"]
[EventDate "2014.07.31"]
[EventType "swiss"]
[EventRounds "9"]
[EventCountry "CAN"]

1. d4 Nf6 2. c4 e6 3. Nc3 d5 4. cxd5 exd5 5. Bg5 c6 6. e3 h6 7. Bh4 Be7 8. Bd3
O-O 9. Nge2 Nbd7 10. O-O b6 11. f3 c5 12. Bf2 Bb7 13. Ng3 Re8 14. Rc1 a6 15.
Bb1 Rc8 16. Qd3 b5 17. a3 Bc6 18. Nce2 c4 19. Qc2 a5 20. e4 dxe4 21. fxe4 Ng4
22. e5 Nf8 23. Rce1 Bg5 24. Qf5 Qd7 25. Qxd7 Bxd7 26. Ne4 Be7 27. N2c3 Nxf2 28.
Rxf2 Ne6 29. Rd1 Rcd8 30. d5 Ng5 31. d6 Bf8 32. Nxg5 hxg5 33. Rd5 Rb8 34. Ne4
g4 35. Ng5 f6 36. Bh7+ Kh8 37. Bg6 fxg5 38. Bxe8 Rxe8 39. g3 Kg8 40. Rc5 g6 41.
Rf6 Bf5 42. Rc7 Rxe5 43. d7 Rd5 44. Rc8 Rxd7 45. Rfxf8+ Kg7 46. Rg8+ Kf6 47.
Rcd8 Rc7 48. Rde8 Be6 49. Rgf8+ Bf7 50. Ra8 b4 51. axb4 axb4 52. Rab8 c3 53.
bxc3 bxc3 54. Rfc8 Ra7 55. Rxc3 Ra1+ 56. Kf2 Ra2+ 57. Ke3 Rxh2 58. Rb6+ Kg7 59.
Rb7 Rg2 60. Kd4 Rf2 1/2-1/2

[Event "North American-ch U20"]
[Site "Kitchener CAN"]
[Date "2014.08.03"]
[Round "7.13"]
[White "Liao, Simone"]
[Black "Blium, Benjamin"]
[Result "0-1"]
[WhiteElo "2027"]
[BlackElo "1809"]
[PlyCount "106"]
[EventDate "2014.07.31"]
[EventType "swiss"]
[EventRounds "9"]
[EventCountry "CAN"]

1. e4 e5 2. Bc4 Nc6 3. d3 Na5 4. Bb3 c6 5. Qh5 Qe7 6. Bxf7+ Qxf7 7. Qxe5+ Be7
8. Qxa5 Nf6 9. Nf3 O-O 10. Be3 d5 11. e5 Ng4 12. Qd2 Nxe3 13. fxe3 Bg4 14. O-O
Qh5 15. Qd1 Bxf3 16. Rxf3 Qxe5 17. Nc3 Bd6 18. g3 Rae8 19. Rxf8+ Bxf8 20. Qf3
Qxe3+ 21. Qxe3 Rxe3 22. Kf2 Re6 23. d4 Be7 24. Ne2 g5 25. Re1 Kf7 26. Nc1 Rxe1
27. Kxe1 Ke6 28. Nd3 Bd6 29. Ke2 Kf5 30. Nf2 h5 31. Nd1 Ke4 32. c3 b6 33. Nf2+
Kf5 34. Kf3 g4+ 35. Ke2 h4 36. gxh4 Bxh2 37. Kf1 Bg3 38. Nd3 Bxh4 39. Nb4 c5
40. dxc5 bxc5 41. Nxd5 Ke4 42. c4 Kf3 43. Nc3 g3 44. Kg1 g2 45. Ne2 Kxe2 46.
Kxg2 Kd3 47. Kf3 Kxc4 48. Ke4 Bf6 49. b3+ Kb4 50. Kd5 Bd4 51. Kc6 a5 52. Kd5
Ka3 53. Kc4 Kxa2 0-1